| 000 | 00391nam a22001577a 4500 | ||
|---|---|---|---|
| 999 |
_c522738 _d522738 |
||
| 003 | NUST | ||
| 020 | _a0195795873 | ||
| 038 | _awaseem | ||
| 082 |
_a954.91 _bKHA |
||
| 100 |
_aKhan, Jahan Dad _912973 |
||
| 245 |
_aPakistan Leadership Challenges / _cJahan Dad Khan |
||
| 260 |
_aKarachi : _bOxford University press, _c2001. |
||
| 300 | _a359 p. ; | ||
| 500 | _aPaperback. | ||
| 942 |
_2ddc _cBK |
||